Statistics for Liverpool FC Signings 2010-2016

Click here to take the quiz!

General Stats

  • This quiz has been taken 195 times
  • The average score is 14 of 21

Answer Stats

HintAnswer% Correct
2015, Hoffenheim, Midfielder/StrikerRoberto Firmino
95%
2016, Southampton, WingerSadio Mane
91%
2014, Southampton, MidfielderAdam Lallana
89%
2016, Schalke, Central DefenderJoel Matip
89%
2013, Sunderland, GoalkeeperSimon Mignolet
85%
2015, Aston Villa, StrikerChristian Benteke
84%
2016, Newcastle, MidfielderGeorginio Wijnaldum
84%
2011, Ajax, ForwardLuis Suarez
80%
2015, Southampton, DefenderNathaniel Clyne
77%
2014, Lille, StrikerDivock Origi
76%
2011, Sunderland, MidfielderJordan Henderson
76%
2013, Celta Vigo, StrikerIago Aspas
73%
2013, Inter Milan, MidfielderPhillipe Coutinho
71%
2014, Benfica, WingerLazar Markovic
66%
2012, Parma, StrikerFabio Borini
52%
2011, Aston Villa, MidfielderStewart Downing
52%
2011, Nacional, Central DefenderSebastian Coates
45%
2013, Sevilla, MidfielderLuis Alberto
38%
2010, Standard Liege, ForwardMilan Jovanovic
31%
2012, Herenveen, WingerOussama Assaidi
26%
2010, Juventus, MidfielderChristian Poulsen
23%

Score Distribution

Percentile by Number Answered

Percent of People with Each Score

Your Score History

You have not taken this quiz